1335 1735 1264 1642 1939 1271 1401 1655 1659 1486 1876 1285 1676 1674 1593 1500 1100 1370 1606 1907 1725 1187 1800 1340 1093 1467 1431 1415 1435 1337 1280 1957 1072 1746 1339 1223 1829 1190 1253 1087 1356 1314 1305 1895 1818 1770 1069 1479 1052 1821 1877 1456 1454 1333 1176 1053 1975 1320 1097 1020 1446 1013 1516 1658 1717 1961 1522 1299 1062 1684 1052 1772 1105 1306 1306 1117 1117 1268 1623 1201 1404 1934 1579 1903 1865 1881 1323 1945 1745 1630 1579 1804 1879 1329 1999 1842 1693 1329 1008 BCNSPRNW ULIB Ver.6.0+V

เปลี่ยนเป็นภาษาไทย

Change to English
 แสดงรายละเอียดบรรณานุกรม
  กลับหน้าหลัก

Brief Record : Get Marc (ISO 2709) : E-mail record : QR code < ปิดหน้าต่าง
LEADER : 00000nam 2200000uu 4500
001    13399123674
003     ULIB
008    141105s2557||||th 000 0 tha d
020    9786167388571
060  4 QS4^bว539L
100 0  วิชัย ประยูรวิวัฒน์, กมลทิพย์ นิลคุปต์, นิสามณี สัตยาบัน และภานุวิชญ์ พุ่มหิรัญ
245 00 Lecture note on preclinic/^c วิชัย ประยูรวิวัฒน์, กมลทิพย์ นิลคุปต์, นิสามณี สัตยาบัน และภานุวิชญ์ พุ่มหิรัญ, บรรณาธิการ
260    กรุงเพทฯ:^bโครงการตำราวิทยาลัยแพทยศาสตร์พระมงกุฎ,^c2557
300    604 หน้า:^bภาพประกอบ,^c26 ซม.
500    เอกสารประกอบการสอนวิทยาลัยแพทยศาสตร์พระมงกุฏเกล้า
650  4 Medicine-outlines
650  4 Anatomy
650  4 Biochemistry
650  4 Physiology
650  4 Microbiology
650  4 Pathology
650  4 Pharmacrology
650  4 Military and Community Medicine
945    ^p500^l0^i036692
945    ^p500^l0^i036693
945    ^p500^l0^i036694
945    ^p500^l0^i036695
945    ^p500^l0^i036696
999    ^aเกษร โพธิ์สุวรรณ
รายการนี้ยังไม่มีแท็ก
คุณยังไม่ได้ล็อกอิน คุณสามารถมีกิจกรรมร่วมกับเว็บไซต์ได้ แต่ต้องล็อกอินก่อน ::
  ล็อกอิน

รายการสื่อสารสนเทศ

ลำดับที่ ประเภท เลขเรียก/บาร์โค้ด สถานที่ สถานะ
1. วิทยาศาสตร์การแพทย์ และสุขภาพ
วิทยาศาสตร์การแพทย์ และสุขภาพ
สถานะ=หนังสือเก่า
QS4 ว539L ฉ.1 
  Barcode: 036692
ห้องสมุดวิทยาเขตสวรรค์ประชารักษ์
►ส่วนจัดเก็บหนังสือเก่า สปร
บนชั้น
  ขอยืม
2. วิทยาศาสตร์การแพทย์ และสุขภาพ
วิทยาศาสตร์การแพทย์ และสุขภาพ
สถานะ=หนังสือเก่า
QS4 ว539L ฉ.2 
  Barcode: 036693
ห้องสมุดวิทยาเขตสวรรค์ประชารักษ์
►ส่วนจัดเก็บหนังสือเก่า สปร
บนชั้น
  ขอยืม
3. วิทยาศาสตร์การแพทย์ และสุขภาพ
วิทยาศาสตร์การแพทย์ และสุขภาพ
สถานะ=หนังสือเก่า
QS4 ว539L ฉ.3 
  Barcode: 036694
ห้องสมุดวิทยาเขตสวรรค์ประชารักษ์
►ส่วนจัดเก็บหนังสือเก่า สปร
บนชั้น
  ขอยืม
4. วิทยาศาสตร์การแพทย์ และสุขภาพ
วิทยาศาสตร์การแพทย์ และสุขภาพ
QS4 ว539L ฉ.4 
  Barcode: 036695
ห้องสมุดวิทยาเขตสวรรค์ประชารักษ์
►หนังสือทั่วไป
ถูกยืม กำหนดส่งวันที่ 13 สิงหาคม 2566
  จอง
5. วิทยาศาสตร์การแพทย์ และสุขภาพ
วิทยาศาสตร์การแพทย์ และสุขภาพ
สถานะ=หาย
QS4 ว539L ฉ.5 
  Barcode: 036696
ห้องสมุดวิทยาเขตสวรรค์ประชารักษ์
►หนังสือทั่วไป
บนชั้น

รายการใกล้เคียง
    หัวเรื่อง [Medicine-outlines]
    หัวเรื่อง [Anatomy]
    หัวเรื่อง [Biochemistry]
    หัวเรื่อง [Physiology]
    หัวเรื่อง [Microbiology]
    หัวเรื่อง [Pathology]
    หัวเรื่อง [Pharmacrology]
    หัวเรื่อง [Military and Community Medicine]

BibComment


ยังไม่เคยถูกคอมเมนท์

คอมเมนท์ทรัพยากรรายการนี้
  คอมเมนท์: Lecture note on p..


 Copyright 2026. Bcnsprnw @Library